000 00779nam a2200229 i 4500
001 125063
003 ES-MaACL
005 20230906192538.0
007 t|
008 070427s1936 sp ||||1| spa d
080 _a821.134.2-22"19"
100 1 _aSánchez de Neyra, Pedro.
_9102592
245 1 0 _aKorolenko
_b: comedia de figurón, en prosa /
_cPedro Sánchez Neyra y Pablo Sánchez Mora ; dibujos de Antonio Merlo.
260 _aMadrid :
_bRivadeneyra,
_c1936.
300 _a93 p. :
_bil. ;
_c17 cm.
490 1 _aLa Farsa ;
_v439
500 _aEstrenada en el Teatro Cómico de Madrid el 28 de diciembre de 1935.
700 1 _aSánchez Mora, Pablo.
_9102792
830 0 _aLa Farsa ;
_v439
_9185863
852 _aES-MaACL
_j2223-F-18
_bR.140751
999 _c125063
_d125063